| 000 | 00890nam a2200217 i 4500 | ||
|---|---|---|---|
| 001 | 174029 | ||
| 003 | ES-MaACL | ||
| 005 | 20250724074950.0 | ||
| 007 | t| | ||
| 008 | 100208s1917 sp |||| | spa d | ||
| 110 | 2 |
_aReal Academia de Ciencias Exactas, Físicas y Naturales de España. _9175635 |
|
| 245 | 1 | 0 |
_aMemorias de la Real Academia de Ciencias _g1917. |
| 260 |
_aMadrid : _b[s.n.], _c1917 (Est. Tip. de Fortanet) |
||
| 300 |
_av. ; _c28 cm. |
||
| 505 | 8 |
_aContiene: T. XXVII ; _tTratado de trigonometría plana, circular e hiperbólica y de trigonometría esférica y esferoidal / _rAntonio Gómez Ruiz (318 p.) |
|
| 650 | 7 |
_aTrigonometría _2embne _917647 |
|
| 700 | 1 |
_aGómez Ruiz, Antonio. _9142123 |
|
| 740 | 0 | 2 | _aTratado de trigonometría plana, circular e hiperbólica y de trigonometría esférica y esferoidal. |
| 852 |
_aES-MaACL _jK-246 |
||
| 999 |
_c174029 _d174029 |
||